<?xml version="1.0" encoding="UTF-8"?>
<record
    xmlns:xsi="http://www.w3.org/2001/XMLSchema-instance"
    xsi:schemaLocation="http://www.loc.gov/MARC21/slim http://www.loc.gov/standards/marcxml/schema/MARC21slim.xsd"
    xmlns="http://www.loc.gov/MARC21/slim">

  <leader>01233nam0a2200337   4500</leader>
  <controlfield tag="001">RU\NLR\BIBL_A\011778616</controlfield>
  <controlfield tag="005">20180911161245.0</controlfield>
  <datafield tag="010" ind1=" " ind2=" ">
    <subfield code="a">978-5-4315-1329-9</subfield>
    <subfield code="9">15000</subfield>
  </datafield>
  <datafield tag="021" ind1=" " ind2=" ">
    <subfield code="a">RU</subfield>
    <subfield code="b">&#x41A;&#x41D;-&#x41F;-18-053567</subfield>
    <subfield code="9">&#x41A;&#x41D;-&#x41F;-18-3861</subfield>
  </datafield>
  <datafield tag="035" ind1=" " ind2=" ">
    <subfield code="a">(NLR Aleph) 011778616</subfield>
  </datafield>
  <datafield tag="035" ind1=" " ind2=" ">
    <subfield code="a">(RuMoRGB)009697440</subfield>
  </datafield>
  <datafield tag="090" ind1=" " ind2=" ">
    <subfield code="a">11764325</subfield>
    <subfield code="c">11764325</subfield>
  </datafield>
  <datafield tag="100" ind1=" " ind2=" ">
    <subfield code="a">20180828d2018    u  y0rusy50      ca</subfield>
  </datafield>
  <datafield tag="101" ind1="0" ind2=" ">
    <subfield code="a">rus</subfield>
  </datafield>
  <datafield tag="102" ind1=" " ind2=" ">
    <subfield code="a">RU</subfield>
  </datafield>
  <datafield tag="105" ind1=" " ind2=" ">
    <subfield code="a">a|||zzzz000gy</subfield>
  </datafield>
  <datafield tag="200" ind1="1" ind2=" ">
    <subfield code="a">&#x412; &#x43B;&#x435;&#x441;&#x443;</subfield>
    <subfield code="e">&#x437;&#x430;&#x433;&#x430;&#x434;&#x43A;&#x438; &#x434;&#x43E;&#x431;&#x430;&#x432;&#x43B;&#x44F;&#x43B;&#x43A;&#x438;</subfield>
    <subfield code="e">[&#x434;&#x43B;&#x44F; &#x447;&#x442;&#x435;&#x43D;&#x438;&#x44F; &#x432;&#x437;&#x440;&#x43E;&#x441;&#x43B;&#x44B;&#x43C;&#x438; &#x434;&#x435;&#x442;&#x44F;&#x43C; ]</subfield>
    <subfield code="f">&#x430;&#x432;&#x442;&#x43E;&#x440; &#x441;&#x442;&#x438;&#x445;&#x43E;&#x432;: &#x41E;. &#x41C;&#x43E;&#x437;&#x430;&#x43B;&#x451;&#x432;&#x430;</subfield>
    <subfield code="g">&#x445;&#x443;&#x434;&#x43E;&#x436;&#x43D;&#x438;&#x43A;: &#x414;. &#x41D;&#x44E;&#x431;&#x435;&#x440;&#x433;]</subfield>
  </datafield>
  <datafield tag="210" ind1=" " ind2=" ">
    <subfield code="a">&#x41C;&#x43E;&#x441;&#x43A;&#x432;&#x430;</subfield>
    <subfield code="c">&#x41C;&#x43E;&#x437;&#x430;&#x438;&#x43A;&#x430;-&#x421;&#x438;&#x43D;&#x442;&#x435;&#x437;</subfield>
    <subfield code="d">2018</subfield>
  </datafield>
  <datafield tag="215" ind1=" " ind2=" ">
    <subfield code="a">[8] &#x441;.</subfield>
    <subfield code="c">&#x446;&#x432;. &#x438;&#x43B;.</subfield>
    <subfield code="d">24</subfield>
  </datafield>
  <datafield tag="225" ind1="1" ind2=" ">
    <subfield code="a">&#x420;&#x430;&#x441;&#x43A;&#x440;&#x430;&#x441;&#x44C; &#x432;&#x43E;&#x434;&#x43E;&#x439;</subfield>
  </datafield>
  <datafield tag="300" ind1=" " ind2=" ">
    <subfield code="a">&#x410;&#x432;&#x442;. &#x443;&#x43A;&#x430;&#x437;&#x430;&#x43D; &#x43F;&#x435;&#x440;&#x435;&#x434; &#x432;&#x44B;&#x43F;. &#x434;&#x430;&#x43D;.</subfield>
  </datafield>
  <datafield tag="333" ind1=" " ind2=" ">
    <subfield code="a">0+</subfield>
  </datafield>
  <datafield tag="686" ind1="0" ind2=" ">
    <subfield code="a">&#x428;9(2)60=&#x420;7-5</subfield>
  </datafield>
  <datafield tag="700" ind1=" " ind2="1">
    <subfield code="a">&#x41C;&#x43E;&#x437;&#x430;&#x43B;&#x451;&#x432;&#x430;</subfield>
    <subfield code="b">&#x41E;.</subfield>
    <subfield code="g">&#x41E;&#x43B;&#x44C;&#x433;&#x430;</subfield>
  </datafield>
  <datafield tag="702" ind1=" " ind2="1">
    <subfield code="a">&#x41D;&#x44E;&#x431;&#x435;&#x440;&#x433;</subfield>
    <subfield code="b">&#x414;.</subfield>
    <subfield code="g">&#x414;&#x430;&#x440;&#x44C;&#x44F;</subfield>
    <subfield code="4">040</subfield>
  </datafield>
  <datafield tag="942" ind1=" " ind2=" ">
    <subfield code="c">BOOK</subfield>
  </datafield>
  <datafield tag="980" ind1=" " ind2=" ">
    <subfield code="a">NBR</subfield>
  </datafield>
  <datafield tag="980" ind1=" " ind2=" ">
    <subfield code="a">NB</subfield>
  </datafield>
</record>
